Consideraciones cristianas para todos los días del año, con los evangelios de los domingos

Detalles Bibliográficos
Autor principal: CRASSET, Juan
Formato: Libro
Publicado: México 1840
Materias:
Colección:Banco de datos
Acervo:Biblioteca del Ex Convento de Nuestra Señora de Guadalupe. Zacatecas
Descripción Física:t. III
Tema general:Homilética
Notas:Buena. XIX,10,14 (5018)
LEADER 00723nam a22002050004500
035 |a 43560 
036 |a 4744 
100 1 |a CRASSET, Juan 
245 1 0 |a Consideraciones cristianas para todos los días del año, con los evangelios de los domingos 
260 |a México  |b Librería Galván  |c 1840 
300 |a t. III 
500 |a Buena. XIX,10,14 (5018) 
650 1 0 |a Homilética 
949 |a CRZ-CG 
959 |a Ex convento de Nuestra Señora de Guadalupe, Museo Regional de Zacatecas, Zacatecas  |b CCC4 
960 |a Convento de Nuestra Señora de Guadalupe, Zacatecas  |b DD87 
961 |a Franciscana  |b OF 
942 |c CRZ-CG 
943 |g Biblioteca del Ex Convento de Nuestra Señora de Guadalupe. Zacatecas 
999 |c 967687  |d 967687